| 000 | 00711nam a2200229 i 4500 | ||
|---|---|---|---|
| 001 | 15942 | ||
| 003 | ES-MaACL | ||
| 005 | 20230906151213.0 | ||
| 007 | t| | ||
| 008 | 000525s1999 sp ||||1| spa d | ||
| 020 | _a84-397-0424-0 | ||
| 080 | _a821.161.1-14"19" | ||
| 100 | 1 |
_aMaiakovskiï, Vladimir Vladimirovich. _975553 |
|
| 245 | 1 | 3 |
_aLa nube en pantalones / _cVladimir Maiakovski ; selección y traducción de José Manuel Prieto. |
| 260 |
_a[Madrid] : _bMondadori, _c[1999] |
||
| 300 |
_a69 p. ; _c16 cm. |
||
| 490 | 1 |
_aMitos poesía ; _v42 |
|
| 700 | 1 |
_aPrieto, José Manuel. _993894 |
|
| 830 | 0 |
_aMitos poesía ; _v42 _9189184 |
|
| 852 |
_aES-MaACL _jL-22906 _bR.128171 |
||
| 999 |
_c15942 _d15942 |
||